000 00337nam a2200133Ia 4500
008 240624s9999 xx 000 0 und d
041 _aeng
082 _a658.4092 LUS
100 _aLUSCHER LOTTE S
245 _aMANAGING LEADERSHIP PARADOXES
260 _c2019
_aLondon
_bRoutledge
300 _axiii, 170 p.; 23 cm.
365 _cBPS
_b33
999 _c32318
_d32318